[Event "World Team-ch Open 2019"]
[Site "Astana"]
[Date "2019.03.09"]
[Round "5.18"]
[White "Blomqvist, Erik"]
[Black "Adly, Ahmed"]
[Result "1/2-1/2"]
[WhiteElo "2488"]
[BlackElo "2611"]
[Annotator "TA"]
[PlyCount "288"]
[EventDate "2019.02.05"]
[EventType "team-tourn"]
[EventCountry "KAZ"]
[SourceTitle "playchess.com"]
[Source "ChessBase"]
[SourceQuality "1"]
[WhiteTeam "Sweden"]
[BlackTeam "Egypt"]
[WhiteTeamCountry "SWE"]
[BlackTeamCountry "EGY"]

{[%evp 9,288,47,50,52,59,65,79,68,64,62,59,37,44,53,47,16,59,41,52,55,68,81,68,50,57,13,67,19,39,30,37,33,47,9,14,0,55,0,31,0,0,0,0,0,0,0,-1,-8,0,0,0,0,0,0,0,0,0,0,0,0,0,0,0,0,0,0,0,-41,-48,-72,-77,-77,-77,-62,-69,-126,-130,-118,-63,-66,-69,-69,-63,-63,0,0,0,0,0,0,0,0,0,0,0,0,0,0,0,0,0,0,0,0,0,0,0,0,0,0,0,0,0,0,0,0,0,0,0,0,0,0,0,0,0,0,0,0,0,0,0,0,0,0,0,0,0,0,0,0,0,0,0,0,0,0,0,0,0,0,0,0,0,0,0,0,0,0,0,0,0,0,0,0,0,0,0,0,0,0,0,0,0,0,0,0,0,0,0,0,0,0,0,0,0,0,0,0,0,0,0,0,0,0,0,0,0,0,0,0,0,0,0,0,0,0,0,0,0,0,0,0,0,0,0,0,0,0,0,0,0,0,0,0,0,0,0,0,0,0,0,0,0,0,0,0,0,0,0,0,0,0,0,0,0,0,0,0,0,0,0,0,0,0,0,0,0,0,0,0,0,0,0,0,0,0,0,0,0,0,0,0,0,0,0,0,0,0,0,0,0]} 1. e4 b6 2. d4 Bb7 3. Bd3 g6 4. Nf3 Bg7 5. O-O d6 6. c4 {B00: Queen's Fianchetto Defence, Nimzowitsch Defence} Nd7 7. Nc3 e6 8. Be3 {White is better.} Ne7 9. Rc1 O-O 10. d5 Nc5 $146 ({Predecessor:} 10... h6 11. b4 c5 12. Nb5 Nc8 13. a3 g5 14. h3 a6 15. Nc3 Ne7 16. Bb1 exd5 17. exd5 {½-½ (17) Gleizerov,E (2557)-McShane,L (2480) Stockholm 2001}) 11. Bb1 a5 12. b3 Qd7 13. Re1 exd5 14. exd5 Nf5 15. Bxf5 Qxf5 16. Nb5 Qd7 17. Bd4 f6 (17... Bh6 $11) 18. Bb2 Rae8 19. Qd2 c6 20. Nc3 f5 21. dxc6 Bxc6 22. Nd4 Ba8 (22... Be4 $11) 23. Rcd1 (23. Ndb5 $14) 23... f4 24. Nd5 (24. f3 {is interesting.} Rxe1+ 25. Rxe1 d5 26. cxd5 Bxd5 27. Nde2) 24... Rxe1+ 25. Rxe1 Bxd5 $1 26. cxd5 Re8 27. Rxe8+ Qxe8 28. Nf3 Bxb2 29. Qxb2 Qe4 30. h4 Qxd5 31. Qf6 Ne6 32. Ng5 Nxg5 33. hxg5 $11 {[%mdl 4096] Endgame KQ-KQ} Qe5 34. Qd8+ {[%mdl 64] [#] Double Attack} Kf7 35. Qc7+ Qe7 36. Qxb6 Qe1+ 37. Kh2 Ke6 38. Qd8 Qxf2 39. Qf6+ Kd5 40. Qf7+ Kc6 41. Qe8+ Kc5 42. Qa4 ({Better is} 42. Qe7 $15 Qd2 43. Qxh7) 42... Qg3+ 43. Kh1 Qe1+ (43... Qc3 $17 44. Kh2 Qd2) 44. Kh2 $15 Qc3 45. a3 $1 Qd2 46. Qd7 Kb6 (46... f3 $1 $15 47. Qc7+ Kd5 48. Qf7+ Kd4 49. Qf6+ Kc5 50. Qxf3 Qxg5 51. Qc3+ Kb6) 47. Qd8+ $11 {The position is equal.} Kc6 48. Qa8+ Kc5 49. Qa7+ Kd5 50. Qxh7 f3 {[%csl Gf3][%cal Rd2g2]} 51. Qf7+ Kd4 {[%csl Gf3][%cal Rd2g2]} 52. Qf6+ Kc5 {[%csl Gf3][%cal Rd2g2]} 53. Qxf3 Qxg5 54. Qc3+ Kb6 55. b4 Qf4+ 56. g3 Qf2+ 57. Kh3 a4 58. Qc1 d5 59. Qc3 Qf1+ 60. Kh2 Qc4 61. Qf6+ Kb5 62. Qxg6 Qa2+ {[%mdl 64] [#] Double Attack} 63. Kh3 Qxa3 64. Qd6 {Intending Qc5+ and mate.} Qe3 65. Qxd5+ Kxb4 66. Qd6+ Kb3 67. Qd5+ Kb2 68. Qb5+ Ka3 69. Qb1 Qe6+ 70. Kh4 Qh6+ 71. Kg4 Qg7+ 72. Kh4 Qh8+ 73. Kg4 Qb2 74. Qd1 Qb3 75. Qa1+ Kb4 76. Qe1+ Qc3 77. Qb1+ Kc5 78. Qf5+ Kc4 79. Qf7+ Kb4 80. Qb7+ Ka3 81. Kh3 Qh8+ 82. Kg4 Qb2 83. Qd5 Qb3 84. Qe5 Ka2 85. Qe2+ Kb1 86. Qe1+ Kb2 87. Qe5+ Kc2 88. Qe2+ Kc1 89. Kh3 a3 90. Qe1+ Kb2 91. Qd2+ Qc2 92. Qd4+ Qc3 93. Qf2+ Kb3 94. Qb6+ Kc2 95. Qf2+ Qd2 96. Qc5+ Kb3 97. Qb6+ Ka2 98. Qe6+ Kb2 99. Qe5+ Kb1 100. Qe4+ Kc1 101. Qc4+ Qc2 102. Qf1+ Kb2 103. Qb5+ Qb3 104. Qe2+ Kc3 105. Qe3+ Kb2 106. Qe2+ Qc2 107. Qb5+ Kc1 108. Qf1+ Qd1 109. Qc4+ Kb2 110. Qb5+ Kc3 111. Qc5+ Kb3 112. Qb5+ Ka2 113. Qc4+ Kb2 114. Qb5+ Ka1 115. Qe5+ Kb1 116. Qb5+ Kc1 117. Qc5+ Kb2 118. Qb5+ Qb3 119. Qe2+ Qc2 120. Qb5+ Kc1 121. Qf1+ Kd2 122. Qf4+ Kc3 123. Qe5+ Kb4 124. Qb8+ Ka4 125. Qa8+ Kb3 126. Qb7+ Kc3 127. Qc6+ Kd2 128. Qg2+ Kc1 129. Qf1+ Qd1 130. Qc4+ $1 Kb2 {Hoping for ...Qd7+.} 131. Qb5+ Ka1 {White must now prevent ...Qh1+.} 132. Qe5+ Ka2 133. Qe6+ Kb1 {aiming for ...Qh5+.} 134. Qb6+ Ka2 135. Qf2+ Kb3 136. Qb6+ Kc2 137. Qc5+ Kb2 138. Qb5+ Ka1 139. Qe5+ Ka2 140. Qe6+ Kb1 {...Qh5+ is the strong threat.} 141. Qb6+ Ka1 {Threatens to win with ...Qh1+.} 142. Qf6+ Ka2 {Strongly threatening ...Qh5+.} 143. Qf2+ Kb1 {And now ...Qh5+ would win.} 144. Qb6+ Ka2 {Accuracy: White = 65%, Black = 61%.} 1/2-1/2

[Event "World Team-ch Open 2019"]
[Site "Astana"]
[Date "2019.03.09"]
[Round "5.19"]
[White "Fawzy, Adham"]
[Black "Smith, Axel"]
[Result "0-1"]
[WhiteElo "2461"]
[BlackElo "2487"]
[Annotator "TA"]
[PlyCount "154"]
[EventDate "2019.02.05"]
[EventType "team-tourn"]
[EventCountry "KAZ"]
[SourceTitle "playchess.com"]
[Source "ChessBase"]
[SourceQuality "1"]
[WhiteTeam "Egypt"]
[BlackTeam "Sweden"]
[WhiteTeamCountry "EGY"]
[BlackTeamCountry "SWE"]

{[%evp 9,154,6,27,11,15,0,0,-12,-8,-8,-8,-14,-12,-8,-5,-25,-4,0,0,-12,-10,-10,-10,-33,-12,-24,0,0,-2,-16,-13,-7,-12,-54,-42,-74,-59,-89,-76,-75,-88,-131,-64,-62,-59,-62,-22,-22,-36,-318,-308,-305,-305,-295,-283,-312,-297,-845,-850,-855,-858,-818,-825,-747,-666,-656,-656,-769,-741,-892,-849,-583,-489,-1364,-1395,-1429,-464,-4104,-2263,-5273,-879,-4134,-2523,-1073,-153,-153,-153,-153,-153,-153,-153,-153,-153,-153,-153,-153,0,-153,0,-153,-153,-29945,-29959,-29970,-29971,-5222,0,0,0,0,0,0,0,0,0,0,0,0,0,0,0,0,0,0,0,0,0,0,0,0,0,-475,-641,-502,-215,-4133,-1499,-29971,-29966,-5210,-1035,-29988,-29989,-29989,-29990,-29991,-29989]} 1. e4 e5 2. Nf3 Nc6 3. Bb5 a6 4. Bxc6 dxc6 5. O-O Be7 6. Nc3 {C68: Ruy Lopez: Exchange Variation, sidelines} (6. Nxe5 Qd4 7. Qh5 Be6 8. d3 Qc5 9. Be3 Qxc2 10. Nc3 Nf6 11. Qf3 Qxb2 12. Rfc1 Qa3 13. Rab1 Bd6 {½-½ (57) Nakamura,H (2777)-Aronian,L (2767) chess.com INT 2018}) 6... Bf6 7. h3 Ne7 8. Ne2 $146 {The position is equal.} ({Predecessor:} 8. d3 h6 9. Be3 g5 10. d4 g4 11. dxe5 Qxd1 12. Raxd1 Bg7 13. hxg4 Bxg4 {0-1 (40) Licznerski,L (2267)-Trent,L (2436) Katowice 2017}) 8... c5 9. d3 Nc6 10. c3 O-O 11. Be3 b6 12. Qc2 Re8 13. Rad1 Qe7 14. Rfe1 Bb7 15. Ng3 g6 16. Nh2 Rad8 17. Bh6 Bg5 18. Bxg5 Qxg5 19. Ng4 Rd6 20. Ne3 Nd8 21. a3 Ne6 22. b4 Red8 23. Kh2 Nf4 24. bxc5 bxc5 25. Nc4 {[#]} Rxd3 (25... R6d7 $1 $17 26. f3 Nxd3) 26. Rxd3 $15 Rxd3 27. Qb3 h5 28. Qxb7 {[%mdl 64] Double Attack} h4 $1 $36 {[%cal Rh4g3][%mdl 2048] Black fights for an advantage.} 29. Ne3 $2 {[%mdl 8192]} ({White has to play} 29. Qa8+ $1 $15 Kh7 30. Ne3 (30. Re3 $2 Rxe3 31. Nxe3 hxg3+ 32. fxg3 Ne2 $19) 30... hxg3+ 31. fxg3) 29... hxg3+ $19 30. fxg3 {[#]} Nxh3 $1 {[%mdl 512]} 31. Qc8+ (31. gxh3 Rxe3) 31... Kg7 32. Ng4 {[#] intending Rf1.} Nf4 $1 {[%mdl 512]} 33. Ne3 $2 {[#]} (33. Qxc7 Rd2 34. Qxe5+ Qxe5 35. Nxe5 Rxg2+ 36. Kh1 Rxg3 37. Rf1 Rh3+ 38. Kg1) (33. gxf4 Qh4+) 33... Ne2 $1 {[%mdl 576] Decoy} 34. Rxe2 Qh5+ {[%mdl 64] Double Attack} 35. Qh3 Qxe2 {[%mdl 4096] Endgame KQR-KQN} 36. Ng4 Rd6 37. Qh6+ Kg8 38. Qg5 Qxe4 39. Nf6+ {[#]} Rxf6 $1 40. Qxf6 {KQ-KQ} Qe3 41. Qxa6 (41. c4 $142 e4 42. Qxa6) 41... Qxc3 42. a4 Kg7 43. Qa8 (43. Qb5 $142 e4 44. a5) 43... c4 44. a5 Qa1 (44... Qd2 $142 45. Qe4 Qxa5 46. Qxc4 c5) 45. a6 c3 46. Qc6 Qb2 $2 (46... Qc1 $19 {is more deadly.} 47. a7 c2) 47. a7 $17 c2 48. Qxc7 c1=Q 49. Qxc1 Qxc1 50. a8=Q {KQ-KQ} Qh6+ 51. Kg1 Qe3+ 52. Kh2 Qh6+ 53. Kg1 Qe3+ 54. Kh2 $1 Qd4 55. Qe8 $2 (55. Qf3 $17) 55... e4 56. Qe7 e3 57. Qe8 Qd2 $2 (57... f6 $19 {Strongly threatening ...Kh7.} 58. Qb5 Kh6) 58. Qe5+ $11 Kh7 {And now ...e2 would win.} 59. Qe7 Kg8 60. Qe8+ Kg7 {( -> ...e2)} 61. Qe5+ Kf8 {Threatens to win with ...e2.} 62. Qb8+ Ke7 63. Qe5+ Kd7 64. Qb5+ Kd6 65. Qb8+ Kc5 {White must now prevent ...e2.} 66. Qc7+ Kd4 67. Qd8+ Kc4 68. Qc8+ Kb3 {Hoping for ...e2.} 69. Qb7+ Kc2 {aiming for ...e2.} 70. Qc6+ $2 {[%mdl 8192] [#]} (70. Qxf7 $11 Qd3 71. Qa2+ Kc3 72. Qa3+ Kc2 73. Qa4+ Qb3 74. Qe4+ Qd3 75. Qa4+ Kb2 76. Qb4+ Qb3 77. Qg4) 70... Qc3 $1 $19 {[%cal Rc3c6]} 71. Qa4+ Kc1 (71... Kd2 $142 72. Qa2+ Kc1) 72. Qf4 $2 (72. Qa6) 72... f5 (72... f6 $142 73. Qe4 Kd2) 73. Qf1+ Kd2 74. Qf4 Ke1 (74... Qc5 $142 75. Kh1 Ke1) 75. Qf3 Qh8+ {Black mates.} 76. Kg1 Qd4 77. Kh2 Qe4 {Accuracy: White = 30%, Black = 60%.} 0-1

[Event "World Team-ch Open 2019"]
[Site "Astana"]
[Date "2019.03.09"]
[Round "5.20"]
[White "Johansson, Linus"]
[Black "Hesham, Abdelrahman"]
[Result "1-0"]
[WhiteElo "2479"]
[BlackElo "2450"]
[Annotator "RC"]
[PlyCount "87"]
[EventDate "2019.02.05"]
[EventType "team-tourn"]
[EventCountry "KAZ"]
[SourceTitle "playchess.com"]
[Source "ChessBase"]
[SourceQuality "1"]
[WhiteTeam "Sweden"]
[BlackTeam "Egypt"]
[WhiteTeamCountry "SWE"]
[BlackTeamCountry "EGY"]
[TimeControl "40/5400+30:1800+30"]

1. d4 {[%emt 0:00:00]} Nf6 {[%emt 0:00:00]} 2. c4 {[%emt 0:00:00]} g6 {[%emt 0:00:00]} 3. Nc3 {[%emt 0:00:00]} Bg7 {[%emt 0:00:00]} 4. e4 {[%emt 0:00:00]} d6 {[%emt 0:00:00]} 5. Be2 {[%emt 0:00:00]} O-O {[%emt 0:00:01]} 6. Nf3 {[%emt 0:00:03]} c5 {[%emt 0:05:48]} 7. d5 {[%emt 0:00:41]} e6 {[%emt 0:00:22]} 8. O-O {[%emt 0:00:19]} Re8 {[%emt 0:03:25]} 9. dxe6 {[%emt 0:10:10]} Bxe6 {[%emt 0:02:17]} 10. Bf4 {[%emt 0:00:08]} Qb6 {[%emt 0:04:36]} 11. Qb3 {[%emt 0:06:41]} Bg4 {[%emt 0:11:13]} 12. h3 {[%emt 0:03:02]} Nxe4 {[%emt 0:29:28]} 13. Nd5 {[%emt 0:03:22]} Qxb3 {[%emt 0:00:43]} 14. axb3 {[%emt 0:00:06]} Bf5 {[%emt 0:07:41]} 15. Nc7 {[%emt 0:03:28]} Nc6 {[%emt 0:00:06]} 16. Nxa8 {[%emt 0:01:20]} Rxa8 {[%emt 0:00:09]} 17. g4 {[%emt 0:04:31]} Be6 {[%emt 0:01:58]} 18. Bd3 {[%emt 0:02:28]} d5 {[%emt 0:03:58]} 19. cxd5 {[%emt 0:07:43]} Bxd5 {[%emt 0:01:00]} 20. Bc4 {[%emt 0:00:21]} Bxc4 {[%emt 0:09:08]} 21. bxc4 {[%emt 0:00:07]} Bxb2 {[%emt 0:00:06]} 22. Rab1 {[%emt 0:01:34]} Bc3 {[%emt 0:00:14]} 23. Rxb7 {[%emt 0:06:01]} a5 {[%emt 0:00:45]} 24. Rc7 {[%emt 0:02:34]} Nd8 {[%emt 0:09:50]} 25. Be5 {[%emt 0:14:57]} a4 {[%emt 0:04:33]} 26. Bxc3 {[%emt 0:01:07]} Nxc3 {[%emt 0:00:03]} 27. Rxc5 {[%emt 0:00:55]} a3 {[%emt 0:00:06]} 28. Nd4 {[%emt 0:00:42]} a2 {[%emt 0:01:44]} 29. Ra1 {[%emt 0:07:09]} Ne6 {[%emt 0:03:19]} 30. Nxe6 {[%emt 0:02:36]} fxe6 {[%emt 0:00:07]} 31. Re5 {[%emt 0:00:37]} Kf7 {[%emt 0:01:27]} 32. Re3 {[%emt 0:00:29]} Ra3 {[%emt 0:00:51]} 33. Kg2 {[%emt 0:03:10]} Ke7 {[%emt 0:00:05]} 34. Rd3 {[%emt 0:00:28]} e5 {[%emt 0:00:50]} 35. f3 {[%emt 0:00:47]} Nb1 {[%emt 0:01:05]} 36. Rxa3 {[%emt 0:00:10]} Nxa3 {[%emt 0:00:03]} 37. Rxa2 {[%emt 0:00:38]} Nxc4 {[%emt 0:00:05]} 38. Ra7+ {[%emt 0:00:05]} Kf6 {[%emt 0:00:03]} 39. Rxh7 {[%emt 0:00:08]} Ne3+ {[%emt 0:01:12]} 40. Kf2 {[%emt 0:00:00]} Nd5 {[%emt 0:00:00]} 41. h4 {[%emt 0:01:35]} Ke6 {[%emt 0:00:52]} 42. h5 {[%emt 0:00:54]} gxh5 {[%emt 0:00:21]} 43. Rxh5 {[%emt 0:00:10]} Kf6 {[%emt 0:01:24]} 44. Rh8 {[%emt 0:01:30]} 1-0

[Event "World Team-ch Open 2019"]
[Site "Astana"]
[Date "2019.03.11"]
[Round "6.1"]
[White "Karjakin, Sergey"]
[Black "Naiditsch, Arkadij"]
[Result "0-1"]
[WhiteElo "2753"]
[BlackElo "2710"]
[Annotator "TA"]
[PlyCount "128"]
[EventDate "2019.02.05"]
[EventType "team-tourn"]
[EventCountry "KAZ"]
[SourceTitle "playchess.com"]
[Source "ChessBase"]
[SourceQuality "1"]
[WhiteTeam "Russia"]
[BlackTeam "Azerbaijan"]
[WhiteTeamCountry "RUS"]
[BlackTeamCountry "AZE"]

{[%evp 16,128,52,41,33,20,29,20,34,35,39,44,36,0,0,0,0,0,3,3,4,0,0,0,0,0,0,0,0,0,0,-15,0,0,0,0,0,0,0,0,0,8,0,0,154,0,0,0,0,0,0,0,0,0,3,-8,-8,-8,-8,-57,-29,-22,-26,-120,-110,-156,-145,-210,-210,-210,-210,-210,-210,-268,-262,-236,-250,-387,-417,-440,-435,-556,-811,-795,-796,-769,-241,-758,-763,-1316,-139,-1433,-506,-1429,-960,-961,-934,-934,-426,-881,-841,-1429,-1409,-1360,-1326,-1264,-1223,-1256,-1151,-2145,-2388,-2275,-2204,-2411,-2197]} 1. e4 c5 2. Nf3 Nc6 3. d4 cxd4 4. Nxd4 e5 5. Nb5 d6 6. N1c3 a6 7. Na3 b5 8. Nd5 Nge7 9. c4 Nxd5 {B32: Sicilian: Löwenthal and Kalashnikov Variations} 10. cxd5 Nd4 11. Bd3 g6 {The position is equal.} 12. O-O Bg7 13. Be3 O-O 14. Bxd4 exd4 15. Nc2 Bd7 {[#]} 16. Ne1 $146 ({Predecessor:} 16. Qd2 Rc8 17. Ne1 {0-1 (59) Korneev,O (2557)-Naiditsch,A (2702) Heraklio 2017}) 16... Qb6 17. Nf3 a5 {[%cal Ba6a5,Ba5a4,Ba4a3][%mdl 32]} 18. h3 a4 19. Qd2 a3 20. b3 Rac8 21. Rfe1 Rfe8 22. Rad1 Rc3 23. Kh2 Qd8 24. b4 Qf6 25. Ng1 g5 26. Ne2 Qxf2 27. Qxg5 {Rf1 is the strong threat.} h6 ({Of course not} 27... Rxd3 28. Rxd3 Kh8 29. Qd2 $16) 28. Qg3 Qxg3+ 29. Kxg3 Rxe4 $2 ({Black should play} 29... Rc7 $11) 30. Nxc3 $2 (30. Kf2 $1 $16 Rxd3 31. Rxd3) 30... Be5+ $11 31. Kf2 Rf4+ 32. Ke2 dxc3 33. Rb1 Rd4 34. Rb3 Rxd5 35. Rd1 Be6 $1 {aiming for ...Rxd3!} 36. Rxa3 Bf6 $1 37. Bc2 Rg5 {[%mdl 1024] Black has compensation.} 38. Kf2 d5 39. Ra8+ (39. Ra6 $11) 39... Kg7 $17 40. a4 d4 $1 $36 {[%mdl 2048] White must now prevent ...Bd5. Black is really pushing.} 41. g4 (41. Ra6 $17) 41... Bc4 $1 $19 {Hoping for ...Re5.} 42. axb5 {[#]} Re5 $1 {[%cal Re5e2]} (42... Bxb5 43. Bd3 $11) 43. Rc8 {[#]} Re2+ $1 ({Not} 43... Bxb5 44. Bd3 $15) 44. Kf3 Re3+ ({Resist} 44... Bxb5 45. Rc5 $17) 45. Kf2 Bxb5 46. Bf5 (46. Rc5 {is a better defense.} Bh4+ 47. Kg1) 46... Be2 47. Rb1 {Now b5 and White clings on.} Bh4+ 48. Kg2 Bf3+ 49. Kg1 Re2 {And now ...Bg3 would win.} 50. Rf1 Rg2+ 51. Kh1 Bf2 52. Bd3 Rxg4+ {[%mdl 64] Discovered Attack} 53. Kh2 Rg2+ {Black is clearly winning.} 54. Kh1 Rg5+ 55. Kh2 Bg3+ 56. Kg1 Bf4+ 57. Kf2 Bb7 58. Rc5 Rg2+ 59. Ke1 Bg3+ 60. Kd1 Rd2+ {[%mdl 64] Double Attack} 61. Kc1 Rxd3 62. Rcf5 Be4 63. Rxf7+ Kg6 64. R1f6+ Kh5 {Accuracy: White = 63%, Black = 87%.} 0-1

[Event "World Team-ch Open 2019"]
[Site "Astana"]
[Date "2019.03.11"]
[Round "6.2"]
[White "Mamedov, Rauf"]
[Black "Nepomniachtchi, Ian"]
[Result "0-1"]
[WhiteElo "2701"]
[BlackElo "2771"]
[Annotator "TA"]
[PlyCount "62"]
[EventDate "2019.02.05"]
[EventType "team-tourn"]
[EventCountry "KAZ"]
[SourceTitle "playchess.com"]
[Source "ChessBase"]
[SourceQuality "1"]
[WhiteTeam "Azerbaijan"]
[BlackTeam "Russia"]
[WhiteTeamCountry "AZE"]
[BlackTeamCountry "RUS"]

{[%evp 21,62,3,19,11,11,2,26,24,41,32,32,-20,68,12,13,18,0,11,17,0,53,29,23,0,20,0,0,0,0,-47,-26,-143,-133,-170,-178,-259,-257,-285,-289,-29987,-29988,-29988,-29987]} 1. e4 c5 2. Nf3 d6 3. Bb5+ Nd7 4. c3 Ngf6 5. Qe2 a6 6. Ba4 b5 7. Bc2 Bb7 {B51: Sicilian: Moscow Variation (3 Bb5+) without 3...Bd7} 8. d4 (8. O-O e6 9. d4 Be7 10. Re1 O-O 11. Nbd2 Rc8 12. Nf1 Qc7 13. Bd3 cxd4 14. cxd4 e5 15. d5 Nh5 16. Ng3 Nf4 17. Bxf4 exf4 {1-0 (45) Quesada Perez,Y (2612)-Xiong,J (2675) Saint Louis 2018}) 8... g6 9. O-O Bg7 10. e5 dxe5 11. dxe5 Bxf3 {LiveBook: 3 Games} 12. gxf3 Nd5 13. e6 N7f6 $146 ({Predecessor:} 13... fxe6 14. Qxe6 N7b6 15. c4 bxc4 {0-1 (49) Ginovart,A (2112)-Rakotomaharo,F (2438) Gonfreville 2016}) 14. c4 bxc4 15. exf7+ Kxf7 16. Nd2 (16. Re1 $14) 16... Bh6 (16... c3 $11 17. Nc4 cxb2 18. Nxb2 (18. Bxb2 Nf4 $15) 18... Nc3 19. Qc4+ Nfd5) 17. Ne4 (17. Re1 $14) 17... Bxc1 $11 18. Raxc1 {aiming for Ng5+.} Nxe4 19. Bxe4 e6 20. Qxc4 Qg5+ 21. Kh1 Rhd8 22. Rfd1 Rab8 23. b3 Nf4 $40 {[%csl Gf4][%cal Rg5g2][%mdl 128] Black mounts an attack.} 24. Rg1 Qe5 25. Rce1 {Black must now prevent Bxg6+!} Qd6 26. Rg4 {[#]} (26. Rc1 $11 {remains equal.}) 26... Rb4 $1 $17 {[%cal Rb4c4]} 27. Rxf4+ Qxf4 28. Qxc5 (28. Qxa6 {is a better defense.} Qd6 29. Qe2) 28... Rb5 $19 29. Qa7+ Kf8 30. Rg1 $2 {[#]} (30. h3 $19 Rh5 31. Qe3 Rxh3+ 32. Kg2 Qh2+ 33. Kf1) 30... Rh5 {[%csl Gf4][%cal Rh5h2]} 31. Rg3 Qh6 {Precision: White = 13%, Black = 58%.} 0-1

[Event "World Team-ch Open 2019"]
[Site "Astana"]
[Date "2019.03.11"]
[Round "6.3"]
[White "Grischuk, Alexander"]
[Black "Safarli, Eltaj"]
[Result "1/2-1/2"]
[WhiteElo "2771"]
[BlackElo "2662"]
[Annotator "TA"]
[PlyCount "135"]
[EventDate "2019.02.05"]
[EventType "team-tourn"]
[EventCountry "KAZ"]
[SourceTitle "playchess.com"]
[Source "ChessBase"]
[SourceQuality "1"]
[WhiteTeam "Russia"]
[BlackTeam "Azerbaijan"]
[WhiteTeamCountry "RUS"]
[BlackTeamCountry "AZE"]

{[%evp 18,135,30,22,26,34,26,20,30,13,18,17,19,25,22,19,34,13,21,16,28,14,38,0,0,1,8,1,9,0,11,0,0,0,0,0,20,10,17,0,0,3,3,0,7,0,0,0,0,0,0,0,0,0,0,0,0,-51,-51,-51,-51,-51,-51,-51,-51,-51,-51,-51,-51,-77,-66,-77,-64,-61,-58,-54,-61,-61,-20,-20,-16,-16,-17,-16,-10,-10,-10,-16,-17,-17,-16,-16,-16,-27,-26,-24,-24,-37,-24,-24,-24,-70,-70,-70,-70,-71,-71,-72,-72,-72,-72,-72,-72,-72,-72,-72,-71,-71,-71,-71]} 1. e4 e5 2. Nf3 Nf6 3. Nxe5 d6 4. Nf3 Nxe4 5. d4 d5 6. Bd3 Bd6 7. O-O O-O 8. Re1 Bf5 9. c4 c6 10. Qb3 Qd7 {C42: Petroff Defence: 3 Nxe5 and unusual White 3rd moves} 11. Nc3 Nxc3 12. Bxf5 Qxf5 {The position is equal.} 13. Qxb7 Qd7 $1 {[%cal Rd7b7]} 14. Qxd7 $1 (14. Qxa8 $2 {loses.} Na4 $19) 14... Nxd7 15. c5 Bxh2+ 16. Nxh2 Ne4 {[#]} 17. Nf1 $146 ({Predecessor:} 17. Bf4 Rfc8 18. f3 {½-½ (34) Anand,V (2773)-Fedoseev,V (2724) Wijk aan Zee 2019}) 17... Rfe8 18. f3 (18. b4 {keeps more tension.} Nf8 19. a4 Rab8 20. b5 Ne6 21. f3) 18... Nef6 19. Rxe8+ (19. Bg5 {is interesting.} h6 20. Bh4 Kh7 21. Bg3 a5 22. Bd6) 19... Rxe8 20. Bd2 Nf8 21. Ne3 Ne6 22. Nc2 h5 23. Re1 g5 24. a4 Kh7 25. Nb4 Rc8 26. Nd3 Nd7 27. b4 a6 28. f4 gxf4 29. Nxf4 Ndf8 $1 30. Nxh5 Nxd4 31. Re7 Nfe6 32. Nf4 Nxf4 33. Bxf4 $11 {[%mdl 4096] Endgame KRB-KRN} Kg6 34. Kf2 a5 35. bxa5 Ne6 36. Bd6 {Black must now prevent a6.} Ra8 37. Rb7 (37. Bc7 $1 $11) 37... Rxa5 $15 {[%mdl 64] [#] Double Attack} 38. Rb6 Nxc5 39. Rxc6 Ne4+ 40. Kf3 Rxa4 41. Bf4+ f6 42. Be3 Ra3 43. Ke2 Kf5 44. Rc8 Nd6 45. Rd8 Ke6 46. Bc5 Ra2+ 47. Kf3 Nc4 {With the idea ...Rc2.} 48. Re8+ $1 Kf5 49. g4+ Kg6 {Threatening ...Ne5+.} 50. Rg8+ Kf7 51. Rf8+ Kg7 52. Rd8 Ne5+ 53. Ke3 Ra5 54. Rxd5 Kg6 55. Kd4 Ra4+ 56. Kc3 Rxg4 57. Be7 Rg3+ 58. Kc2 Kf7 59. Bxf6 Kxf6 $11 {KRN-KR} 60. Rd8 Kf5 61. Kd1 Ke4 {[#] aiming for ...Nc6.Black is better.} 62. Re8 Rg2 63. Ke1 Ra2 {Strongly threatening ...Kd4.} 64. Kd1 Kd4 {And now ...Rh2 would win.} 65. Rd8+ Ke3 {Threatens to win with ...Nf3.} 66. Re8 Rd2+ 67. Kc1 Rd5 {Hoping for ...Kd3.} 68. Kc2 {Accuracy: White = 53%, Black = 82%.} 1/2-1/2

[Event "World Team-ch Open 2019"]
[Site "Astana"]
[Date "2019.03.11"]
[Round "6.4"]
[White "Abasov, Nijat"]
[Black "Artemiev, Vladislav"]
[Result "1/2-1/2"]
[WhiteElo "2627"]
[BlackElo "2736"]
[Annotator "TA"]
[PlyCount "51"]
[EventDate "2019.02.05"]
[EventType "team-tourn"]
[EventCountry "KAZ"]
[SourceTitle "playchess.com"]
[Source "ChessBase"]
[SourceQuality "1"]
[WhiteTeam "Azerbaijan"]
[BlackTeam "Russia"]
[WhiteTeamCountry "AZE"]
[BlackTeamCountry "RUS"]

{[%evp 20,51,26,18,29,6,3,5,6,0,0,0,0,0,0,0,0,0,0,0,0,0,41,39,55,56,55,47,14,0,26,0,14,0]} 1. Nf3 Nf6 2. c4 c6 3. d4 d5 4. Nc3 a6 5. cxd5 cxd5 6. Bf4 Nc6 7. e3 Bg4 8. h3 Bxf3 9. Qxf3 e6 10. Bd3 Bd6 11. O-O O-O {D13: Slav Defence: Exchange variation without ...Bf5} (11... Bxf4 12. Qxf4 O-O 13. Rac1 Rc8 14. a3 Na5 15. Rc2 Qd7 16. Rd1 Rc6 17. e4 dxe4 18. Nxe4 Nd5 19. Qh4 Qe7 20. Qxe7 Nxe7 21. Nc5 Rc7 {½-½ (39) Adianto,U (2591)-Akopian,V (2689) Tripoli 2004}) 12. Rfc1 Bxf4 13. Qxf4 Rc8 14. Na4 $146 ({Predecessor:} 14. Bf1 Na5 15. Na4 Ne4 16. Bd3 Rxc1+ 17. Rxc1 Nd6 18. Qf3 Qe7 19. Qe2 g6 20. b3 Rc8 21. Rxc8+ Nxc8 22. Qc2 Qd8 23. Qc5 Ne7 24. Nb6 Nac6 25. b4 Nb8 {½-½ (25) Bakalarz,M (2378)-Dovzik,J (2421) Nancy 2007}) 14... Nb4 15. Bf1 Rxc1 16. Rxc1 Nxa2 17. Rc7 b5 18. Nc5 Nb4 19. Rb7 h6 20. Qe5 Qa5 21. Rb8 Rxb8 22. Qxb8+ Kh7 23. Qb7 {[%mdl 1024] White has compensation.} Kg8 24. Qb8+ Kh7 25. Qb7 Kg8 $1 26. Qb8+ {Accuracy: White = 52%, Black = 93%.} 1/2-1/2